Iran czy Irak? - Statystyki

Ogólne statystyki
  • Ten quiz został rozwiązany 2 598 razy
    2 558 od ostatniego zresetowania
  • Średni wynik to 10 z 17
Statystyki odpowiedzi
Zagadnienie Odpowiedź % Poprawnych
Stolicą tego państwa jest Teheran. Iran
97%
Saddama Husajn w przeszłości rządził tym państwem. Irak
88%
Posiada wyższą średnią wysokość. Iran
79%
Przez terytorium tego państwa przepływają Tygrys i Eufrat. Irak
78%
Jednym z głównych miast tego państwa jest Basra. Irak
76%
Mieszka tam jedyna populacja dzikich gepardów w Azji. Iran
72%
Posiada dostęp do Morza Kaspijskiego. Iran
67%
Opracowali pierwszy na świecie system pisma datowany na około 3200 p.n.e. Irak
61%
Jej najpotężniejsi przywódcy są wybierani demokratycznie. Irak
56%
Należy do Organizacji Krajów Eksportujących Ropę Naftową. Obie
56%
Zaatakował drugie państwo podczas wojny irańsko-irackiej. Irak
55%
Nie uznają Izraela, jako niepodległego państwa. Obie
55%
Kobiety są zobowiązane do noszenia chusty (hidżabu) w miejscach publicznych według prawa. Iran
38%
Był częścią „osi zła” George'a Busha. Obie
36%
Większość populacji muzułmańskiej stanowią szyici. Obie
35%
Posiada dwa języki urzędowe. Irak
32%
Więcej niż 5% populacji stanowią Kurdowie. Obie
27%
Nie znaleziono quizów pasujących do podanych kryteriów
Rozkład punktacji
Procent ludzi z każdym wynikiem
Percentyl według liczby udzielonych odpowiedzi
Twoja historia wyników
Nie rozwiązałeś tego quizu od ostatniego zresetowania